00533nam a2200157Ia 4500003000900000008004100009020001800050040001600068080001600084100001200100245012400112260004900236300001600285650003700301650003700338IN-BaIIA211028s9999 xx 000 0 eng d a0-691-08475-0 cIIA Library a081:52bBEC aBeck, A 4aThe collected papers of Albert Einsteinbvol. I, the early years 1879-1902 (English translation).cA. Beck and Havas, P aNew JerseybPrinceton University Pressc1987 axxii, 196p. aAlbert Einstein pollected papers aCollected papers-Albert Einstein